000 00408nam a2200145 i 4500
001 60063
003 ES-MaACL
005 20230906164141.0
007 t|
008 031103s1968 sp ||||1| spa d
245 0 0 _aEspaña y Guinea Ecuatorial.
260 _aMadrid :
_bServicio Informativo Español,
_c1968.
300 _a166 p., 8 map., 2 gráf., 24 lám. ;
_c21 cm.
852 _aES-MaACL
_jC-49963
_bR.67434
999 _c60063
_d60063